000 00427nam a2200169Ia 4500
001 12493
008 140401s9999 xx 000 0 und d
020 _a0-7506-2266-0
040 _cPK-LaUMT
082 _a 610.72
_bGOO-
100 _aDent, Nigel J., Ed.
245 _aGood research practices : A practical guide to the implement
_cDent, Nigel J., Ed.
260 _c1997
300 _a522 p.
546 _aEN
942 _cBK
999 _c13264
_d13264